000
00233 a2200097 4500
001
32108
100
_a
Thomas, Brian J
245
_a
The World Wide Web for Scientists & Engineers
260
_a
N.Y
_b
IEE
_c
1998
090
_c
21554
_d
21554
942
_a
NUST-CAE
_c
M
_c
12841
999
_c
267181
_d
267181